000 00577nam a2200217Ia 4500
005 20250507130406.0
008 008 250505s9999 xx 000 0 chi d
037 _aAnnuals, Advances
040 _aEASL
_beng
_cEASL
041 _achi
_2eng
084 _aO41,3M81, L315
_qEASL
100 _aLu Xun
245 0 _aFen
260 _aChina
_bBeijing Renmin Wenxue Chubanshe China
_c1973
300 _a238p.
365 _aYuan
_b0.50
490 _vV7,1
650 _aCL
_9642733
942 _cTEXL
_hO41,3M81, L315
999 _c1319442
_d1319442